Macroeconomics Trends and Monetary Policies in Time of the Global Financial Stability
Salvato in:
| Autore principale: | |
|---|---|
| Natura: | Capitolo di libro |
| Lingua: | inglese |
| Soggetti: | |
| Tags: |
Nessun Tag, puoi essere il primo ad aggiungerne!!
|
MARC
| LEADER | 00000nla a2200000 4500 | ||
|---|---|---|---|
| 001 | 0192513 | ||
| 005 | 20240502083446.3 | ||
| 041 | 0 | |a eng | |
| 044 | |a GB | ||
| 245 | 1 | 0 | |a Macroeconomics Trends and Monetary Policies in Time of the Global Financial Stability |c Miloš Bikár |
| 610 | 2 | 0 | |a stabilita finančná |
| 610 | 2 | 0 | |a politika menová |
| 610 | 2 | 0 | |a makroekonomika |
| 610 | 2 | 0 | |a dlhy verejné |
| 610 | 2 | 0 | |a dlhy |
| 610 | 2 | 0 | |a krajiny vyspelé |
| 610 | 2 | 0 | |a miera úroková |
| 100 | 1 | |a Bikár, Miloš, 1973- | |